000 01272cam a22004337a 4500
003 CHAP
005 20220817043448.0
008 980819d1996 it a r 11 eng d
010 _a75910
011 _a76882
020 _a9251038198
035 _a86477
040 _cCHAP
082 0 4 _a630
_bF3 v.124
110 2 _aFAO
245 1 0 _aValue-added products from beekeeping
_c/by R. Krell
260 _aRome :
_bFAO,
_c1996.
300 _a409 p. :
_bilus. ; cuadros
410 2 _aFAO
490 0 _aFAO. Servicios agrícolas
_v; 124
590 _aBATCH-UPD
_b10
_c20130110
_lUCH01
_h0822
590 _aBATCH-UPD
_b10
_c20130410
_lUCH01
_h0459
590 _aBATCH-UPD
_b10
_c20130914
_lUCH01
_h0912
590 _aCONVERSION
_b10
_c20130109
_lUCH01
_h1342
650 1 4 _aApicultura.
_96241
650 1 4 _aCera de abejas.
650 1 4 _aCosméticos.
_928450
650 1 4 _aJalea real.
_960953
650 1 4 _aMiel de abejas.
_975562
650 1 4 _aProductos naturistas.
_992154
650 1 4 _aPropóleo.
_992426
700 0 _aKrell, R.
_963900
810 0 _aFAO
830 0 0 _aFAO. Servicios agrícolas
_v; 124
_939697
901 _aBK
905 _aLilia Sánchez G.
942 _cLIBRO
949 _a630 F3 v.124
_bBC
_cFAO
_d33724000698452
_eFAO1
_h93586
_i86477
_kDonaciØn
_sb
999 _c75910
_d75910